000
00297nam a2200109Ia 4500
008
200302s9999 xx 000 0 und d
100
_a
Satyendra Mittal
245
_a
An Introduction to Ground Improvement Engineering
260
_b
Scientific International Pvt.Ltd
260
_c
2015
300
_a
284 P
999
_c
4219
_d
4219